000 00483nam a2200205Ia 4500
003 OSt
005 20251115111743.0
008 250729s2005 xx 000 0 und d
020 _a978-8122507324
040 _cAL
041 _aeng
082 _a301.07 BHUI
100 _aBhushan Vidya
_9224407
245 _a Introduction to sociology
260 _aAllahabad
_c2005
300 _a936p
650 _aSociology
_9224408
700 _aSachdeva D C
_9224409
942 _2ddc
_cBED
999 _c236391
_d236391